[Event "Calchess State Scholastics"]
[Site "Santa Clara"]
[Date "2004.03.21"]
[Round "6"]
[White "Lin, Sally"]
[Black "Tsang, Bryan"]
[Result "0-1"]
[WhiteElo "719"]
[BlackElo "970"]
[PlyCount "72"]
[EventDate "2004.03.20"]
[EventType "team"]
[EventRounds "6"]
[EventCountry "USA"]
[SourceTitle "EXT 2007"]
[Source "ChessBase"]
[SourceDate "2006.11.23"]
[SourceVersion "1"]
[SourceVersionDate "2006.11.23"]
[SourceQuality "1"]

1. e4 e5 2. Nf3 Nf6 3. Nc3 Nc6 4. Bb5 Bc5 5. 0-0 a6 6. Bc4 0-0 7. d3 d6 8. Bg5 Bg4 9. h3 Bxf3 10. Qxf3 Nd4 11. Qd1 b5 12. Bb3 c6 13. a3 d5 14. Re1 Be7 15. exd5 Nxd5 16. Bxe7 Qxe7 17. Nxd5 cxd5 18. Bxd5 Rad8 19. Be4 Rc8 20. c3 Ne6 21. d4 Rfd8 22. Qh5 Ng5 23. Bf5 g6 24. Qh6 gxf5 25. Rxe5 Ne6 26. Rxf5 Ng7 27. Rg5 f6 28. Rg3 Rd6 29. Qh5 Kh8 30. Qh4 Nf5 31. Qg4 Nxg3 32. Qxc8+ Rd8 33. Qxa6 Ne2+ 34. Kf1 Re8 35. Re1 Ng3+ 36. fxg3 Qxe1# 0-1